| 000 | 00356nam a2200133 a 4500 | ||
|---|---|---|---|
| 005 | 20140414131905.0 | ||
| 008 | 100901s19uu xx 00 eng d | ||
| 050 |
_aFIC _bSt5 2007 |
||
| 100 | _aStilton, Geronimo | ||
| 245 |
_aA very merry christmas : _bBook 34. |
||
| 260 |
_aNew York : _bScholastic, _c2007. |
||
| 440 | _aGeronimo Stilton | ||
| 999 |
_c110871 _d110871 |
||